|
|
|
|
| LEADER |
00000nab a2200000 4500 |
| 001 |
vtls011856569 |
| 003 |
SK-MaSNL |
| 005 |
20260305014519.0 |
| 008 |
190319|20190319xo w||| || ||00 0|slo |
| 040 |
|
|
|e rda
|
| 041 |
|
|
|a slo
|
| 044 |
|
|
|a xo
|c SK
|
| 072 |
|
7 |
|a 069
|x Múzeá. Muzeológia. Múzejníctvo. Výstavy
|2 konspekt
|
| 072 |
|
7 |
|a 902
|x Archeológia
|2 konspekt
|
| 080 |
|
|
|a 069
|2 2011
|
| 080 |
|
|
|a 902
|2 2011
|
| 100 |
1 |
|
|a Kotorová-Jenčová, Mária,
|d 1960-
|4 aut
|9 108914
|
| 245 |
1 |
0 |
|a Archeologická expozícia Svet dávnych vekov a jej klenoty (2)
|b Venuša z mladšej doby kamennej
|c Mária Kotorová-Jenčová
|
| 300 |
|
|
|b Fotografie
|
| 336 |
|
|
|a text
|b txt
|2 rdacontent
|
| 337 |
|
|
|a bez média
|b n
|2 rdamedia
|
| 338 |
|
|
|a zväzok
|b nc
|2 rdacarrier
|
| 610 |
2 |
7 |
|a Vlastivedné múzeum (Hanušovce nad Topľou, Slovensko)
|2 vthk
|9 35168
|
| 650 |
0 |
7 |
|a múzeá
|2 vthk
|9 4119
|
| 650 |
0 |
7 |
|a archeológia
|2 vthk
|9 4974
|
| 651 |
|
7 |
|a Hanušovce nad Topľou (Slovensko)
|2 vthk
|9 26948
|
| 773 |
0 |
|
|t Vranovské novinky
|g Roč.23, č.11 (2019), s.16
|x 1338-1040
|
| 999 |
|
|
|c 3269939
|d 3271869
|